000 00338nam a2200157Ia 4500
003 Ost
005 20260225132555.0
008 260225s9999||||xx |||||||||||||| ||und||
040 _cfsic
041 _afre
082 _a440
100 _aLotte H.Eisner
_eAuteur
245 0 _aFritz lang /
245 0 _cLotte H.Eisner
942 _cكتاب
999 _c34411
_d34411